| 000 | 00866cam a2200265u 4500 | ||
|---|---|---|---|
| 999 |
_c41477 _d41477 |
||
| 001 | 7372989 | ||
| 003 | OSt | ||
| 005 | 20220702105927.0 | ||
| 008 | 821119s1936 enkb 000 0 eng | ||
| 010 | _a 38032739 | ||
| 020 | _a9788190821377 | ||
| 040 |
_aDLC _cCarP _dDLC |
||
| 043 | _aa-ii--- | ||
| 050 | 0 | 0 |
_aQK358 _b.G3 |
| 082 |
_a581.95482 _bGAM/F |
||
| 100 | 1 |
_aGamble, J. S. _q(James Sykes), _d1847-1925 _94858 |
|
| 245 | 1 | 0 | _aFlora of the presidency of Madras |
| 260 |
_aLondon, _bAdlard & son, limited _c[1936] |
||
| 300 |
_a3 v. _bfold. map. _c19 cm. |
||
| 650 | 0 |
_aBotany _zIndia _zMadras (Presidency) |
|
| 700 | 1 |
_aDunn, S. T. _q(Stephen Troyte), _d1868-1938 _99040 |
|
| 700 | 1 |
_aFischer, Cecil Ernest Claude _99041 |
|
| 906 |
_a0 _bcbc _cpremunv _du _encip _f19 _gy-gencatlg |
||
| 942 |
_2ddc _cBK _h581.95482 _iGAM/F _k581.95482 _mGAM/F |
||